00422nam a2200145Ia 450000500170000000800410001702000150005808200080007310000110008124500810009226000660017330000160023965000120025565000090026720250106053918.0240331s9999 xx 000 0 und d a0253207851 a951 aChow,R 0aWriting diaspore :btactics of intervention in contemporary cultural studies a Bloomington and IndianapolisbIndiana University Pressc1993 ax, 223 p ., aCulture aArts